Wyspy UE 3 - Statystyki

Ogólne statystyki
  • Ten quiz został rozwiązany 23 razy
  • Średni wynik to 6 z 10
Answers on the Grid
Answers color-coded by a green-red scale on the quiz's grid according to % correct below.
Majotta
Kos
Kreta
Uznam
Reunion
Minorka
Cypr
Lanzarote
Sycylia
Korsyka
Nassau
Grenada
Saint Lucia
Barbados
Ilha do Fogo
Boa Vista
Tasmania
Jeju
Borneo
Mainland
 
Statystyki odpowiedzi
Odpowiedź % Poprawnych
Cypr
91%
Korsyka
91%
Sycylia
73%
Kreta
64%
Uznam
64%
Reunion
55%
Lanzarote
45%
Majotta
45%
Kos
36%
Minorka
36%
Nie znaleziono quizów pasujących do podanych kryteriów
Rozkład punktacji
Procent ludzi z każdym wynikiem
Percentyl według liczby udzielonych odpowiedzi
Twoja historia wyników
Nie rozwiązałeś tego quizu